Společné podnikání.
Významnou etapou je príprava spoločného podniku. Potreba riadiť sa určitými všeobecnými pravidlami predovšetkým v oblasti finančnej, stratégie rozvoja podniku. Významnú úlohu pri posudzovaní vkladov jednotlivých partnerov zohráva trhové ocenenie. Postup trhového ocenenia.
Guardado en:
| Autor principal: | |
|---|---|
| Formato: | Capítulo de libro |
| Lenguaje: | checo |
| Materias: | |
| Etiquetas: |
Sin Etiquetas, Sea el primero en etiquetar este registro!
|
MARC
| LEADER | 00000naa a2200000 4500 | ||
|---|---|---|---|
| 001 | r005571 | ||
| 005 | 20221125080537.9 | ||
| 041 | 0 | |a cze | |
| 044 | |a [CS] | ||
| 245 | 1 | 0 | |a Společné podnikání. |c Vladimír Žáček |
| 520 | |a Významnou etapou je príprava spoločného podniku. Potreba riadiť sa určitými všeobecnými pravidlami predovšetkým v oblasti finančnej, stratégie rozvoja podniku. Významnú úlohu pri posudzovaní vkladov jednotlivých partnerov zohráva trhové ocenenie. Postup trhového ocenenia. | ||
| 610 | 2 | 0 | |a podnik spoločný |
| 610 | 2 | 0 | |a oceňovanie ekonomické |
| 610 | 2 | 0 | |a stratégia podniková |
| 610 | 2 | 0 | |a vklady |
| 610 | 2 | 0 | |a financie podnikové |
| 100 | 1 | |a Žáček, Vladimír | |